00381pab a2200133 454500008004000000100002300040245008100063260000900144300001300153362001100166650003300177650001700210773002000227180718b2005 xxu||||| |||| 00| 0 eng d aSchukoske, Jane E. aEmbracing domestic and international diversity on campus: a view from the US c2005 ap.41-44. a21 Nov aUniversities - United States aUniversities aUniversity News